Cuatro técnicas en el test de apercepción temática y la autobiografía como técnica proyectiva / (Registro nro. 7023)
[ vista simple ]
| 000 -LEADER | |
|---|---|
| fixed length control field | 00859nam a22002297a 4500 |
| 003 - CONTROL NUMBER IDENTIFIER | |
| control field | OSt |
| 005 - DATE AND TIME OF LATEST TRANSACTION | |
| control field | 20201207113643.0 |
| 008 - FIXED-LENGTH DATA ELEMENTS--GENERAL INFORMATION | |
| fixed length control field | 201207s1970 sp ||||gr|||| 00| 0 spa d |
| 040 ## - CATALOGING SOURCE | |
| Original cataloging agency | CO-JMCR |
| Transcribing agency | CO-JMCR |
| 041 0# - LANGUAGE CODE | |
| Language code of text/sound track or separate title | spa |
| 082 04 - DEWEY DECIMAL CLASSIFICATION NUMBER | |
| Classification number | 155.2844 / |
| Item number | P853c |
| Edition number | 23 |
| 100 1# - MAIN ENTRY--PERSONAL NAME | |
| Personal name | Portuondo, Juan A., |
| Relator term | autor |
| 9 (RLIN) | 12451 |
| 245 10 - TITLE STATEMENT | |
| Title | Cuatro técnicas en el test de apercepción temática y la autobiografía como técnica proyectiva / |
| Statement of responsibility, etc. | Juan A. Portuondo |
| 260 ## - PUBLICATION, DISTRIBUTION, ETC. | |
| Place of publication, distribution, etc. | Madrid : |
| Name of publisher, distributor, etc. | Almagro, |
| Date of publication, distribution, etc. | 1970 |
| 300 ## - PHYSICAL DESCRIPTION | |
| Extent | 113 páginas ; |
| Dimensions | 24 cm. |
| 500 ## - GENERAL NOTE | |
| General note | Bibliografía : páginas (115). |
| 505 ## - FORMATTED CONTENTS NOTE | |
| Formatted contents note | Cuatro técnicas en el test de apercepción temática -- La autobiografía como técnica proyectiva |
| 650 24 - SUBJECT ADDED ENTRY--TOPICAL TERM | |
| Topical term or geographic name entry element | Prueba de apercepción temática |
| 9 (RLIN) | 12452 |
| 650 24 - SUBJECT ADDED ENTRY--TOPICAL TERM | |
| Topical term or geographic name entry element | Autobiografías como tema |
| 9 (RLIN) | 12453 |
| 650 24 - SUBJECT ADDED ENTRY--TOPICAL TERM | |
| Topical term or geographic name entry element | Técnicas proyectivas |
| 9 (RLIN) | 12454 |
| 942 ## - ADDED ENTRY ELEMENTS (KOHA) | |
| Source of classification or shelving scheme | Dewey Decimal Classification |
| Koha item type | Books |
| Withdrawn status | Lost status | Source of classification or shelving scheme | Damaged status | Not for loan | Home library | Current library | Shelving location | Date acquired | Source of acquisition | Total Checkouts | Full call number | Barcode | Date last seen | Copy number | Price effective from | Koha item type |
|---|---|---|---|---|---|---|---|---|---|---|---|---|---|---|---|---|
| Dewey Decimal Classification | Biblioteca Pública José María del Castillo y Rada | Biblioteca Pública José María del Castillo y Rada | General Stacks | 04/15/2018 | Donación | 155.2844 / P853c | 201810207 | 05/16/2024 | Ej.1 | 04/15/2018 | Books |